| 000 | 01332nam2a22002891 4500 | ||
|---|---|---|---|
| 001 | rc\3471096 | ||
| 005 | 20250610021324.0 | ||
| 021 |
_aRU _b[74-72371] |
||
| 035 | _a(NLR Aleph) 007640468 | ||
| 090 |
_a6120296 _c6120296 |
||
| 100 | _a20130115d1974 |||y0rusy50 ca | ||
| 101 | 0 | _arus | |
| 102 | _aRU | ||
| 105 | _aa z ||||| | ||
| 200 | 1 |
_aНефти Средней Азии, Казахстана, Сибири и о. Сахалин _fРед. коллегия: З.В. Дриацкая [и др.] _g[Сост. З.В. Дриацкая, М.А. Мхчиян, Н.М. Жмыхова и др.] _gТитульные ред.: З.В. Дриацкая [ и др.] |
|
| 210 |
_d1974 _aБ. м. |
||
| 215 |
_a787 с. _cсхем. |
||
| 320 | _aАлф. указ. нефтей: с. 780-787 | ||
| 461 | 0 |
_1001rc\3471092 _12001#$aНефти СССР$eСправочник$eВ 4 т.$fРед. З.В. Дриацкая [и др.]. Т. 1-$vТ .4 _96120257 _cМосква _d1971- _fРед. З.В. Дриацкая [и др.]. Т. 1- _nХимия _oСправочник : В 4 т. _tНефти СССР _vТ .4 |
|
| 702 | 1 |
_aМхчиян _bМ.А. _4220 |
|
| 702 | 1 |
_aЖмыхова _bН.М. _4220 |
|
| 702 | 1 |
_aДриацкая _bЗ.В. _4340 _4220 |
|
| 801 | 0 |
_aRU _bNLR _gpsbo |
|
| 801 | 1 |
_aRU _bELAR _2rusmarc |
|
| 852 |
_aNLR _j71-5/3969 |
||
| 942 | _cBOOK | ||
| 980 | _aNB | ||